[Event "HUN-chT2 Charousek 1819"]
[Site "Hungary"]
[Date "2019.03.31"]
[Round "10.11"]
[White "Stump, Ferenc"]
[Black "Haselbach, David"]
[Result "0-1"]
[WhiteElo "1374"]
[BlackElo "2046"]
[PlyCount "142"]
[EventDate "2018.09.23"]
[EventType "team-tourn"]
[EventRounds "11"]
[EventCountry "HUN"]
[SourceTitle "EXT 2021"]
[Source "ChessBase"]
[SourceDate "2020.10.23"]
[SourceVersion "1"]
[SourceVersionDate "2020.10.23"]
[SourceQuality "1"]
[WhiteTeam "Budapest HASE"]
[BlackTeam "Aquaprofit Nagykanizsa II"]
[WhiteTeamCountry "HUN"]
[BlackTeamCountry "HUN"]

1. e4 c5 2. c4 Nc6 3. Nc3 g6 4. Nf3 Bg7 5. d3 d6 6. Be2 e6 7. Bd2 Nge7 8. Qc1 h6 9. 0-0 g5 10. h3 Ng6 11. Nh2 e5 12. Qd1 Nd4 13. Bg4 Bxg4 14. hxg4 Qd7 15. Ne2 Nxe2+ 16. Qxe2 Nf8 17. b4 Ne6 18. bxc5 dxc5 19. Be3 0-0 20. Rab1 Bf6 21. Rfd1 Rab8 22. Rb3 b5 23. Rdb1 b4 24. a3 a5 25. axb4 axb4 26. Nf3 Ra8 27. Qd1 Ra5 28. Ne1 Rfa8 29. Nc2 Qd6 30. Ra1 Nd8 31. Rxa5 Rxa5 32. g3 Nb7 33. Kg2 Qc6 34. Qh1 Bg7 35. Rb2 Ra8 36. Rb1 Ra2 37. Ne1 Na5 38. Nf3 Nb7 39. Ra1 b3 40. Rb1 Qa4 41. Qd1 b2 42. Qxa4 Rxa4 43. Rxb2 Rb4 44. Ra2 Rb3 45. Ne1 Bf8 46. Ra8 Kg7 47. Kf1 Be7 48. Ke2 Nd8 49. Ra7 Bf8 50. Nf3 Nc6 51. Rc7 Rb6 52. Rc8 Ra6 53. Nd2 Nd4+ 54. Bxd4 cxd4 55. Rb8 Ra2 56. Rb5 Bd6 57. c5 Bc7 58. Rb1 Ba5 59. Rd1 Rc2 60. f4 gxf4 61. gxf4 exf4 62. Kf3 Bxd2 63. e5 Be3 64. Rb1 Rxc5 65. Ke4 Rc7 66. Rb6 Re7 67. Rf6 Re6 68. Rf5 f6 69. Rxf6 Rxf6 70. exf6+ Kxf6 71. Kf3 Kg5 0-1